Top 5 best universities in the US - Statistics

General Stats
  • This quiz has been taken 28 times
  • The average score is 3 of 5
Answer Stats
Global Rank Answer % Correct
5 Harvard University
100%
1 Massachusetts Institute of Technology
81%
3 Stanford University
74%
10 California Institute of Technology
59%
13 University of Chicago
33%
No matching quizzes found
Score Distribution
Percent of People with Each Score
Percentile by Number Answered
Your Score History
You have not taken this quiz